| 000 | 00360cam a22001337a 4500 | ||
|---|---|---|---|
| 008 | 180718b1957 xxu||||| |||| 00| 0 eng d | ||
| 082 | _aYA08 B241 | ||
| 100 | _aBarker, Ediwn | ||
| 245 |
_aScientific and technilogical education: an essay _cby Edwin Barker |
||
| 260 |
_aLondon _bSCM Press _c1957 |
||
| 300 | _a37p. | ||
| 500 | _a2/6 | ||
| 650 | _aScience - Study | ||
| 999 |
_c359038 _d359038 |
||